MDQL
is popping MORE tags! Check the
thread
!
Quizzes
Events
Quiz Creation
Community
Videos
Private Events
Remove Ads
Sign In
Join for FREE
Feedback
Dark Mode
Quiz Categories
Sports
Geography
Music
Movies
Television
Just For Fun
Miscellaneous
History
Literature
Language
Science
Gaming
Entertainment
Religion
Holiday
For Kids
Quiz Lab
Recent
Popular Today
Quiz Kudos Today
Editor Picks
Curator Picks
Quizzes by...
Day
Popularity
Type
Ratings
Length
Year
Community
Subscriptions
Recent Discussions
Orange Saloon
Badges
Playlists
Quests
Create
Leaderboards
Showdown
Live 5
Trivia Bingo
Activity
Puzzle Library
Sporcle Events
Private Events
Virtual Trivia
Globe League
Become a Host
Pub Owners
SporcleCon
Opinionation
Our Games
Videos
Blog
Mobile Apps
Partnerships
Remove Ads and Go Orange
Feedback
Television
TV Characters
TV Show
Sitcom
Network
Friends
Reality Shows
Cast
South Park
Star Trek
The Simpsons
Doctor Who
Television
TV Characters
TV Show
Sitcom
Network
Friends
Reality Shows
Cast
South Park
Star Trek
The Simpsons
Doctor Who
Random Quiz
Search Sporcle
×
Quiz Lab
Quiz Lab
Television
Actor
Type in answers that appear in a list
Type in answers that appear in a list
Classic
Best Score? Go Orange.
Sitcoms by Actors Stats
Can you name the Sitcoms by Actors?
By
jackknicks
10m
50 Questions
459 Plays
459 Plays
459 Plays
Comments
Comments
Give Quiz Kudos
Give Quiz Kudos
-
- Ratings
hide this ad
Forced Order
Answers have to be entered in order
Answers have to be entered in order
Replay
Link that replays current quiz
Next Quiz
Link to next quiz in quiz playlist
You Got
0%
They Got
Avg Score
50%
Avg Friend Score
Upgrade to see
Score Distribution
Jump to the score distribution portion of the page
Score
0/50
Timer
10:00
0
Plays Today
Actors
Show
% Correct
Matthew Perry, Jennifer Aniston, Lisa Kudrow
Friends
95.4%
Jason Alexander, Michael Richards, Julia Louis-
Dreyfus
Seinfeld
93.2%
Neil Patrick Harris, Jason Segel, Josh Radnor
How I Met Your Mother
91.9%
Lucille Ball, Desi Arnaz, Vivian Vance
I Love Lucy
90.4%
Steve Carell, Rainn Wilson, John Krasinski
The Office (US)
88.2%
Alec Baldwin, Tina Fey, Tracy Morgan
30 Rock
87.8%
Ted Danson, Kelsey Grammer, Woody Harrelson
Cheers
86.5%
David Hyde Pierce, Kelsey Grammer, Jane Leeves
Frasier
85.8%
Henry Winkler, Ron Howard, Scott Baio
Happy Days
84.1%
Zach Braff, Donald Faison, John C. McGinley
Scrubs
83.2%
Ed O'Neill, Christina Applegate, Katey Sagal
Married...with Children
77.6%
Jason Bateman, Jeffrey Tambor, Will Arnett
Arrested Development
77.3%
Ricky Gervais, Mackenzie Crook, Martin Freeman
The Office (UK)
73.6%
Larry David, Jeff Garlin, Cheryl Hines
Curb Your Enthusiasm
72.3%
Jeremy Piven, Adrian Grenier, Kevin Connolly
Entourage
71%
Danny DeVito, Andy Kaufman, Tony Danza
Taxi
69.7%
Alan Alda, Loretta Swift, William Christopher
M*A*S*H
69.3%
Amy Poehler, Rashida Jones, Aziz Ansari
Parks and Recreation
67.8%
Danny DeVito, Charlie Day, Kaitlin Olson
It's Always Sunny in Philadelphia
61.9%
Joe McHale, Chevy Chase, Ken Jeong
Community
60.8%
Ed O'Neill, Ty Burrell, Sofía Vergara
Modern Family
55.1%
Carroll O'Connor, Jean Stapleton, Rob Reiner
All in the Family
52.1%
Linda Cardellini, James Franco, Jason Segel
Freaks and Geeks
50.1%
Sarah Jessica Parker, Cynthia Nixon, Cattrall
Sex and the City
39.7%
Bea Arthur, Betty White, Estelle Getty
The Golden Girls
38.6%
Actors
Show
% Correct
Bryan Cranston, Frankie Muniz, Jane Kaczmarek
Malcolm in the Middle
38.1%
Ricky Gervais, Stephen Merchant, Ashley Jensen
Extras
35.7%
Phylicia Rashad, Malcolm-
Jamal Warner, Keshia Knight Pulliam
The Cosby Show
35.1%
Doris Roberts, Brad Garrett, Patricia Heaton
Everybody Loves Raymond
35.1%
John Ritter, Joyce DeWitt, Suzanne Somers
Three's Company
34.9%
John Goodman, Laurie Metcalf, Michael Fishman
Roseanne
34%
Robin Williams, Pam Dawber, Conrad Janis
Mork & Mindy
33.6%
Florence Henderson, Robert Reed, Maureen McCormick
The Brady Bunch
32.5%
Gary Coleman, Todd Bridges, Conrad Bain
Diff'rent Strokes
30.9%
Garry Shandling, Jeffrey Tambor, Rip Torn
The Larry Sanders Show
30.7%
John Cleese, Connie Booth, Prunella Scales
Fawlty Towers
30.7%
Don Knotts, Ron Howard, George Lindsey
The Andy Griffith Show
30.3%
Jackie Gleason, Art Carney, Audrey Meadows
The Honeymooners
28.5%
Candice Bergen, Charles Kimbrough, Faith Ford
Murphy Brown
28.5%
Gabe Kaplan, John Travolta, Marcia Strassman
Welcome Back, Kotter
25.9%
Mary Louise-
Parker, Kevin Nealon, Elizabeth Perkins
Weeds
24.6%
Bob Denver, Alan Hale Jr., Dawn Wells
Gilligan's Island
24.2%
Jemaine Clement, Bret McKenzie, Rhys Darby
Flight of the Conchords
23.3%
Mary Tyler Moore, Rose Marie, Morey Amsterdam
The Dick Van Dyke Show
22.4%
Danny McBride, Katy Mixon, Andrew Daly
Eastbound & Down
21.1%
Seth Rogen, Jay Baruchel, Carla Gallo
Undeclared
19.6%
Buddy Ebsen, Donna Douglas, Max Baer Jr.
The Beverly Hillbillies
19.2%
Gavin MacLeod, Ed Asner, Valerie Harper
The Mary Tyler Moore Show
18.3%
Don Adams, Barbara Feldon, Edward Platt
Get Smart
16.1%
David Mitchell, Robert Webb, Olivia Colman
Peep Show
7.2%
Quiz Playlist
Details
Report
Send in Message
Add To Playlist
Classic:
Type in answers that appear in a list
Forced Order:
Answers have to be entered in order
Last Updated: Feb 16, 2017
Quiz Scoreboard
CHALLENGE
Sign Up to Join the Scoreboard
Show All
Scores
Hide
Comments
May contain spoilers
Recently Published
1-10 Letter E Words III
by El_Dandy
Language
2m
Street Fighter Characters
by Artimus82
Gaming
60s
College Basketball Coaching Resumes
by pancakes188
Sports
9m
More to Explore
Quiz From the Vault
Featured Blog Post
Where Did the Easter Bunny Come From?
hide this ad
You Might Also Like...
Tags
Actor Quiz
Show Quiz
Today's Top Quizzes in Television
Browse Television
hide this ad
Today's Top Quizzes in Actor
Browse Actor
Top Contributed Quizzes in Television
1
Survivor Journey Challenge
2
Adjectives in 80s TV Shows
3
5-to-1: The Simpsons Families
4
Adjectives in 00s TV Shows
5
5-to-1: Television Doctors
6
Adjectives in 10s TV Shows
7
7-to-1: TV Show Settings
8
5-to-1: Streaming Originals
9
Adjectives in 70s TV Shows
10
Survivor Seasons
Explore More
Trending Topics
Anime
Marvel
NBA
Crossword
Kpop
Disney
Harry Potter
Pokémon
Soccer
Song
WWE
Country
The Office
Puzzle
NFL
hide this ad
More By:
jackknicks
Quiz
Plays
Rating
Category
Featured
Created
Arrested Development Characters [Hard]
3,247
4.32
Television
Apr 29, 2010
Bruce Springsteen Lyrics (Clickable)
893
4.00
Music
Mar 30, 2012
Sitcoms by Actors
459
3.67
Television
Apr 6, 2010
Sitcoms by Characters
284
3.33
Television
Apr 4, 2010
Best of the 2000s
220
1.67
Television
Dec 3, 2009
Go to Creator's Profile
Score Distribution
Quiz Creator Spotlight
jackknicks
Follow
Send a Message
Quizzes Created
-
Created Quiz Play Count
-
More By This Creator
Popular Quizzes Today
1
Find the US States - No Outlines Minefield
2
Find the Countries of Europe - No Outlines Minefield
3
The Countries of the World
4
Find the US States
5
Risky Map Clicking: Biggest States A-Z
6
US States
7
Popular People in 1961
8
Movies - When Are They Set?
More Television Quizzes
More Follow That Line: The Good Place S1x10
Curator's Pick
Trending Quizzes
Risky Map Clicking: Least Populous States A-Z
Billboard Blitz: Aretha Franklin
Famous Russians: Author or Composer?
1-10 Letter G Words
Countries of the World: 200 Million BC
Recently Updated
Leaping Animals
pecheneg
Reality TV Shows (A-Z)
bhenderson79
Rickey Henderson's Hall of Fame Teammates
pecheneg
Champions League XIs: Arsenal
pecheneg
Quick Pick: Celebrities in WWE's Hall of Fame
aduchscher
A-Z Keypad Blitz II
pecheneg
Multiple Oscar Actors
pecheneg
Mystery Phrase Blitz: Oscar 'Best Actors'
pecheneg
F. Scott Fitzgerald Novels
LTH
Pick 3 Villains
ddd62291
Trending Topics
Harry Potter
Marvel
NBA
Kpop
Crossword
Disney
Anime
The Office
Puzzle
Country
Song
WWE
Soccer
Pokémon
NFL
Your Account Isn't Verified!
In order to create a playlist on Sporcle, you need to verify the email address you used during registration. Go to your
Sporcle Settings
to finish the process.
Report this User
Report this user for behavior that violates our
Community Guidelines
.
Details:
Send Report
Go to the Sporcle.com Mobile Site →
Comments